| 000 | 01906nam a22003497a 4500 | ||
|---|---|---|---|
| 001 | 103504 | ||
| 003 | KnowledgeUnlatched | ||
| 005 | 20210303105041.0 | ||
| 006 | m o d | ||
| 007 | cr u|||||||||| | ||
| 008 | 210129p20182019xx o u00| u ger d | ||
| 037 | _5BiblioBoard | ||
| 245 | 0 | 4 |
_aDie effektiven Konsuln Österreich (-Ungarns) von 1825-1918 _bIhre Ausbildung, Arbeitsverhältnisse und Biografien / _cEngelbert Deusch. |
| 020 | _a9783205206019 | ||
| 029 | 1 | _ahttps://library.biblioboard.com/ext/api/media/ed50f23e-d91d-46ac-8c6c-79fb18b95077/assets/thumbnail.jpg | |
| 040 |
_aScCtBLL _cScCtBLL |
||
| 100 | 1 |
_aDeusch, Engelbert _eauthor. |
|
| 264 | 1 | _bBöhlau, | |
| 300 | _a1 online resource (737 p.) | ||
| 506 | 0 |
_aAccess copy available to the general public. _fUnrestricted _2star |
|
| 520 | _a"Consular offices were protective authorities of domestic commercial interests. Its reports ans analyses were important bases for political decisions. A short general compilation about development, training, duties, rights, and social and human aspects is followed by 617 careers, mostly gathered from sources of the archives of Vienna. This study for the first time presents a biographical reference work for consular practics in one of the five european powers of the era between 1825 and 1918." | ||
| 588 | 0 | _aDescription based on print version record. | |
| 590 | _aKU Open Services | ||
| 650 | 7 |
_aHistory _2bisacsh |
|
| 650 | 0 | _aHistory | |
| 655 | 0 | _aElectronic books. | |
| 758 |
_iIs found in: _aKnowledge Unlatched _1https://openresearchlibrary.org/module/2774bc74-146a-484f-a7ba-ab1d6a09bbfb |
||
| 856 | 4 | 0 |
_uhttps://openresearchlibrary.org/content/ed50f23e-d91d-46ac-8c6c-79fb18b95077 _zView this content on Open Research Library. _70 |
| 999 |
_c33412 _d33412 |
||